000 00486nam a2200157 i 4500
001 bg
100 1 _aIKON, Hans W.
245 0 _aHandbuch der Betonprufung :
_b81 Prulungsanleitungen mit Beispielen nach den neuesten Normen und Richtlinieh /
_cHans R. Ikon, Roman R. Lackner, Uwe P. Zimmer.
260 _aDusseldorf,
_c1972.
700 1 _aLACKNER, Roman R.
700 1 _aZIMMER, Uwe P.
040 _cBPK
041 _apol
942 _cKS
008 s pl f |000 0 pol
999 _c26313
_d26313
856 _uhttp://koha.tu.koszalin.pl/cgi-bin/koha/opac-detail.pl?biblionumber=26313
_yKatalog online BPK